Explaining "teaching machines" and programming / (Record no. 30731)
[ view plain ]
| 000 -LEADER | |
|---|---|
| fixed length control field | 00802cam a22002651 4500 |
| 001 - CONTROL NUMBER | |
| control field | 30731 |
| 003 - CONTROL NUMBER IDENTIFIER | |
| rucl marc code | BD-RjUL |
| 005 - DATE AND TIME OF LATEST TRANSACTION | |
| control field | 20211209051617.0 |
| 008 - FIXED-LENGTH DATA ELEMENTS--GENERAL INFORMATION | |
| fixed length control field | 140412s1961 caua b 000 0 eng |
| 035 ## - SYSTEM CONTROL NUMBER | |
| System control number | (BD-RjUL)30818 |
| System control number | (OCoLC)177740 |
| 040 ## - CATALOGING SOURCE | |
| Original cataloging agency | DLC |
| Transcribing agency | OCanM |
| Modifying agency | NBrockU |
| -- | OCoLC |
| -- | ODaWU |
| -- | OClW-H |
| -- | NcRS |
| -- | DLC |
| -- | BD-RjUL |
| Language of cataloging | eng |
| 041 ## - LANGUAGE CODE | |
| Language code of text/sound track or separate title | eng |
| 082 ## - DEWEY DECIMAL CLASSIFICATION NUMBER | |
| Classification number | 371.3944 |
| Author mark and year | CRE 1961 |
| 100 1# - MAIN ENTRY--PERSONAL NAME | |
| Personal name | Cram, David. |
| 9 (RLIN) | 93411 |
| 245 10 - TITLE STATEMENT | |
| Title | Explaining "teaching machines" and programming / |
| Statement of responsibility, etc. | by David Cram. |
| 260 ## - PUBLICATION, DISTRIBUTION, ETC. (IMPRINT) | |
| Place of publication, distribution, etc. | San Francisco, Calif. : |
| Name of publisher, distributor, etc. | Fearon, |
| Date of publication, distribution, etc. | c1961. |
| 300 ## - PHYSICAL DESCRIPTION | |
| Pagination | vii, 86 p. : |
| Illustrations | illus. ; |
| Size | 20 cm. |
| 504 ## - BIBLIOGRAPHY, ETC. NOTE | |
| Bibliography, etc | Bibliography: p. 82. |
| 650 #0 - SUBJECT ADDED ENTRY--TOPICAL TERM | |
| Topical term or geographic name as entry element | Teaching machines. |
| 9 (RLIN) | 29045 |
| Topical term or geographic name as entry element | Programmed instruction. |
| 9 (RLIN) | 93412 |
| 942 ## - ADDED ENTRY ELEMENTS (KOHA) | |
| Source of classification or shelving scheme | Dewey Decimal Classification |
| Koha item type | Books |
| Lost status | Source of classification or shelving scheme | Damaged status | Not for loan | Collection code | Permanent Location | Current Location | Shelving location | Date acquired | Source of acquisition | Cost, normal purchase price | Total Checkouts | Full call number | Date last seen | Copy number | Koha item type |
|---|---|---|---|---|---|---|---|---|---|---|---|---|---|---|---|
| Dewey Decimal Classification | Not For Loan | Non-fiction | Central Library, University of Rajshahi | Central Library, University of Rajshahi | Reading Room | 11/02/1965 | Zitlinger | 10.00 | 371.3944 CRE 1961 | 12/04/2014 | C-1 | Books |